Sexual violence in conflict : a threat to global security

Guardat en:
Dades bibliogràfiques
Autor principal: ABARA, Francis Chinedu
Format: Llibre
Idioma:anglès
Publicat: Brown Walker Press 2020
Etiquetes: Afegir etiqueta
Sense etiquetes, Sigues el primer a etiquetar aquest registre!

MARC

LEADER 00000nam a22000007a 4500
008 240417b |||||||| |||| 00| 0 eng d
020 |a 9781599426082 
100 |a ABARA, Francis Chinedu 
245 |a Sexual violence in conflict  |b : a threat to global security  |c /Francis Chinedu Abara  |g xxiv, 149p 
260 |b Brown Walker Press  |c 2020  |h Boca Raton  |i 701094   |i 701095  |i  701096   |i 701303   |i 701304  |l JC571.Ab1  |m Human security  |m Sex Crimes  |m War Crimes  |m Gender in conflict management 
500 |a it includes references 
942 |a lcc  |c BK  |e Johnson  |f 17/04/24 
952 |0 0  |1 0  |2 lcc  |4 0  |6 JC0571 A B1  |7 0  |9 5057  |a SSL  |b HOL  |c GJ  |d 2024-04-17  |l 0  |o JC571.Ab1  |p 2024-0307  |r 2024-04-17 00:00:00  |t 701094  |w 2024-04-17  |y BK 
952 |0 0  |1 0  |2 lcc  |4 0  |6 JC0571 A B1  |7 0  |9 5058  |a SSL  |b HOL  |c GJ  |d 2024-04-17  |l 0  |o JC571.Ab1  |p 2024-0308  |r 2024-04-17 00:00:00  |t 701095  |w 2024-04-17  |y BK 
952 |0 0  |1 0  |2 lcc  |4 0  |6 JC0571 A B1  |7 0  |9 5059  |a HOL  |b HOL  |c GJ  |d 2024-04-17  |l 0  |o JC571.Ab1  |p 2024-0309  |r 2024-04-17 00:00:00  |t 701096  |w 2024-04-17  |y BK 
952 |0 0  |1 0  |2 lcc  |4 0  |6 JC0571 A B1  |7 0  |9 5060  |a HOL  |b HOL  |c GJ  |d 2024-04-17  |l 0  |o JC571.Ab1  |p 2024-0310  |r 2024-04-17 00:00:00  |t 701303  |w 2024-04-17  |y BK 
952 |0 0  |1 0  |2 lcc  |4 0  |6 JC0571 A B1  |7 0  |9 5061  |a HOL  |b HOL  |c GJ  |d 2024-04-17  |l 0  |o JC571.Ab1  |p 2024-0311  |r 2024-04-17 00:00:00  |t 701304  |w 2024-04-17  |y BK 
999 |c 2512  |d 2512